A glossary of contemporary literary theory / (Record no. 880)

MARC details
000 -LEADER
fixed length control field 00604pam a2200193 4500
003 - CONTROL NUMBER IDENTIFIER
control field IeDuTC
005 - DATE AND TIME OF LATEST TRANSACTION
control field 20181127162946.0
008 - FIXED-LENGTH DATA ELEMENTS--GENERAL INFORMATION
fixed length control field 000605s2000 enk d 000 0 eng
020 ## - INTERNATIONAL STANDARD BOOK NUMBER
International Standard Book Number 0340760664
100 1# - MAIN ENTRY--PERSONAL NAME
Personal name Hawthorn, Jeremy,
Dates associated with a name 1942-
245 12 - TITLE STATEMENT
Title A glossary of contemporary literary theory /
Statement of responsibility, etc. Jeremy Hawthorn.
250 ## - EDITION STATEMENT
Edition statement 4th ed.
260 ## - PUBLICATION, DISTRIBUTION, ETC.
Place of publication, distribution, etc. New Delhi :
Name of publisher, distributor, etc. Heritage Publishers,
Date of publication, distribution, etc. 2011.
300 ## - PHYSICAL DESCRIPTION
Extent xvi, 398 p. ;
Dimensions 25 cm.
504 ## - BIBLIOGRAPHY, ETC. NOTE
Bibliography, etc. note Includes bibliographical references.
650 #0 - SUBJECT ADDED ENTRY--TOPICAL TERM
Topical term or geographic name entry element Criticism
General subdivision Terminology.
Topical term or geographic name entry element English language
General subdivision Terms and phrases.
Topical term or geographic name entry element Literature
Form subdivision Terminology.
Holdings
Withdrawn status Lost status Source of classification or shelving scheme Damaged status Not for loan Collection code Home library Current library Shelving location Serial Enumeration / chronology Inventory number Total Checkouts Full call number Barcode Date last seen Price effective from Koha item type
    Dewey Decimal Classification     Main TEST RTC Library RTC Library Main opac 4108   801.95 HAW 30001064 27/11/2018 27/11/2018 Main
Royal Thimphu College || All Right Reserved